Statistics for England Women’s Euro 2022 Winning Squad

Click here to take the quiz!

General Stats

  • This quiz has been taken 292 times
  • The average score is 19 of 24

Answer Stats

#PositionPlayer% Correct
1GKMary Earps
93%
2DFLucy Bronze
92%
8MF ©Leah Williamson
90%
6DFMillie Bright
89%
23FWAlessia Russo
87%
7FWBeth Mead
87%
20MFElla Toone
86%
4MFKeira Walsh
85%
9FWEllen White
84%
10MFGeorgia Stanway
84%
16MFJill Scott
82%
3DFRachel Daly
82%
5DFAlex Greenwood
80%
18FWChloe Kelly
79%
11FWLauren Hemp
76%
21GKEllie Roebuck
74%
13GKHannah Hampton
74%
14MFFran Kirby
71%
12DFJess Carter
69%
17FWNikita Parris
68%
ManagerSarina Wiegman
68%
19FWBethany England
67%
15DFDemi Stokes
67%
22DFLotte Wubben-Moy
64%

Score Distribution

Percentile by Number Answered

Percent of People with Each Score

Your Score History

You have not taken this quiz